Statistiques concernant L'effectif des clubs de Ligue 1 Uber Eats saison 2020/2021

Cliquez ici pour prendre le quiz!

Statistiques générales

  • Ce quiz a été pris 205 fois
    (57 depuis la dernière actualisation)
  • Le résultat moyen est 115 sur 500

Statistiques - réponses

PosteEquipeRéponse% Correct
GFC MetzOusmane Ba
93%
AParis Saint-GermainKylian Mbappé
77%
AStade de ReimsBoulaye Dia
70%
MFC MetzMamadou Fofana
70%
AParis Saint-GermainNeymar Jr
70%
MRC LensSeko Fofana
70%
MAS MonacoYoussouf Fofana
70%
GAngers SCOPaul Bernardoni
65%
AAS MonacoWissam Ben Yedder
65%
GOlympique LyonnaisAnthony Lopes
63%
DParis Saint-GermainMarquinhos
63%
MOGC NiceRony Lopes
63%
GOlympique de MarseilleSteve Mandanda
60%
DAngers SCOAbdoulaye Bamba
58%
AFC NantesAbdoul Kader Bamba
58%
AGirondins de BordeauxAmadou Traoré
58%
DFC NantesCharles Traoré
58%
DRC LensCheick Traoré
58%
DStade RennaisHamari Traoré
58%
DAngers SCOIsmaël Traoré
58%
ALOSCJonathan Bamba
58%
DParis Saint-GermainPresnel Kimpembe
58%
MOlympique de MarseilleDimitri Payet
56%
DAS MonacoAxel Disasi
53%
MLOSCBenjamin André
53%
AMontpellier HSCGaëtan Laborde
53%
GFC NantesAlban Lafont
51%
AMontpellier HSCAndy Delort
51%
MFC NantesBatista Mendy
51%
GGirondins de BordeauxBenoît Costil
51%
DAS Saint-EtienneGabriel Silva
51%
MOlympique LyonnaisHoussem Aouar
51%
DLOSCJosé Fonte
51%
GParis Saint-GermainKeylor Navas
51%
MParis Saint-GermainMarco Verratti
51%
GLOSCMike Maignan
51%
AOlympique de MarseilleValère Germain
51%
DParis Saint-GermainAbdou Diallo
49%
MAS MonacoAurélien Tchouaméni
49%
ARC StrasbourgHabib Diallo
49%
ALOSCJonathan David
49%
DRC StrasbourgLamine Koné
49%
GNîmes OlympiqueLucas Dias
49%
ANîmes OlympiqueMoussa Koné
49%
DRC LensZakaria Diallo
49%
ALOSCJonathan Ikoné
47%
DOlympique de MarseilleJordan Amavi
47%
DParis Saint-GermainJuan Bernat
47%
DAngers SCORomain Thomas
47%
MOlympique de MarseilleValentin Rongier
47%
MParis Saint-GermainAngel Di Maria
44%
GAS MonacoBenjamin Lecomte
44%
MParis Saint-GermainDanilo Pereira
44%
MRC LensDavid Pereira Da Costa
44%
MFC LorientEnzo Le Fée
44%
MFC NantesRoli Pereira De Sa
44%
MMontpellier HSCTéji Savanier
44%
DMontpellier HSCVitorino Hilton
44%
ADijon FCOAboubakar Kamara
42%
MAS MonacoAleksandr Golovin
42%
DAS MonacoBenoît Badiashile
42%
GRC StrasbourgBingourou Kamara
42%
DOlympique de MarseilleBoubacar Kamara
42%
ALOSCBurak Yilmaz
42%
DOGC NiceDante
42%
ARC LensFlorian Sotoca
42%
MOlympique de MarseilleFlorian Thauvin
42%
DOGC NiceHassane Kamara
42%
GRC LensJean-Louis Leca
42%
AAS MonacoKevin Volland
42%
MOGC NiceKhephren Thuram
42%
MFC NantesLudovic Blas
42%
MAS Saint-EtienneMahdi Camara
42%
AParis Saint-GermainMauro Icardi
42%
MFC NantesMoses Simon
42%
DFC NantesNicolas Pallois
42%
DAS MonacoRuben Aguilar
42%
GParis Saint-GermainSergio Rico
42%
AFC LorientTerem Moffi
42%
GParis Saint-GermainAlexandre Letellier
40%
MStade RennaisBenjamin Bourigeaud
40%
MStade RennaisJonas Martin
40%
ARC StrasbourgLudovic Ajorque
40%
AStade RennaisMartin Terrier
40%
MOlympique LyonnaisMaxence Caqueret
40%
AOlympique LyonnaisMemphis Depay
40%
MAngers SCOPierrick Capelle
40%
GOGC NiceWalter Benitez
40%
AOGC NiceAmine Gouiri
37%
GStade Brestois 29Gautier Larsonneur
37%
DFC LorientHouboulang Mendes
37%
MParis Saint-GermainIdrissa Gueye
37%
AFC MetzLamine Gueye
37%
DParis Saint-GermainLayvin Kurzawa
37%
MOlympique de MarseillePape Gueye
37%
DMontpellier HSCPedro Mendes
37%
MAngers SCOSofiane Boufal
37%
MOlympique LyonnaisThiago Mendes
37%
MGirondins de BordeauxToma Basic
37%
GOlympique de MarseilleYohann Pelé
37%
MFC NantesAbdoulaye Touré
35%
DAS MonacoCaio Henrique
35%
AAS Saint-EtienneCharles Abi
35%
AStade de ReimsEl Bilal Touré
35%
DRC LensJonathan Clauss
35%
AOlympique LyonnaisKarl Toko Ekambi
35%
MParis Saint-GermainLeandro Paredes
35%
DOlympique LyonnaisLéo Dubois
35%
AOlympique de MarseilleLuis Henrique
35%
MFC MetzPape Matar Sarr
35%
MStade Brestois 29Romain Faivre
35%
MNîmes OlympiqueSidy Sarr
35%
MFC LorientStéphane Diarra
35%
DAS Saint-EtienneTimothée Kolodziejczak
35%
MLOSCYusuf Yazici
35%
GStade RennaisAlfred Gomis
33%
DAS Saint-EtienneAlpha Sissoko
33%
DMontpellier HSCDaniel Congré
33%
MRC StrasbourgIbrahima Sissoko
33%
AGirondins de BordeauxJimmy Briand
33%
MMontpellier HSCJordan Ferri
33%
GRC StrasbourgMatz Sels
33%
MStade de ReimsMoussa Doumbia
33%
AAS Saint-EtienneRomain Hamouma
33%
DAngers SCOSouleyman Doumbia
33%
MAngers SCOThomas Mangani
33%
DLOSCTiago Djalo
33%
DOGC NiceWilliam Saliba
33%
GFC MetzAlexandre Oukidja
30%
MParis Saint-GermainAnder Herrera
30%
DAS MonacoDjibril Sidibé
30%
DOlympique de MarseilleDuje Caleta-Car
30%
DFC MetzFabien Centonze
30%
DOlympique de MarseilleHiroki Sakai
30%
AFC MetzIbrahima Niane
30%
DOGC NiceJean-Clair Todibo
30%
AOGC NiceKasper Dolberg
30%
AAngers SCOLoïs Diony
30%
GLOSCLucas Chevalier
30%
DOlympique de MarseilleLucas Perrin
30%
GAngers SCOLudovic Butelle
30%
AOlympique LyonnaisMaxwel Cornet
30%
MLOSCRenato Sanches
30%
ANîmes OlympiqueRenaud Ripart
30%
GStade RennaisRomain Salin
30%
ALOSCTimothy Weah
30%
AAS Saint-EtienneWahbi Khazri
30%
DStade RennaisAdrien Truffert
28%
AOlympique de MarseilleAhmadou Bamba Dieng
28%
DFC NantesAndrei Girotto
28%
MAngers SCOAngelo Fulgini
28%
MLOSCBoubakary Soumaré
28%
DStade Brestois 29Brendan Chardonnet
28%
DRC LensFacundo Medina
28%
AStade Brestois 29Franck Honorat
28%
MAS MonacoGelson Martins
28%
DAS MonacoGuillermo Maripan
28%
DOlympique LyonnaisJason Denayer
28%
GAS Saint-EtienneJessy Moulin
28%
GMontpellier HSCJonas Omlin
28%
MParis Saint-GermainJulian Draxler
28%
AFC NantesKalifa Coulibaly
28%
MAngers SCOLassana Coulibaly
28%
MFC LorientLaurent Abergel
28%
DGirondins de BordeauxLaurent Koscielny
28%
MOlympique LyonnaisLucas Paqueta
28%
DOlympique LyonnaisMalo Gusto
28%
MParis Saint-GermainPablo Sarabia
28%
GFC LorientPaul Nardi
28%
AFC NantesRandal Kolo Muani
28%
AOlympique LyonnaisRayan Cherki
28%
DLOSCReinildo Mandava
28%
AAngers SCOSada Thioub
28%
DDijon FCOSenou Coulibaly
28%
DLOSCSven Botman
28%
MLOSCXeka
28%
DStade de ReimsYunis Abdelhamid
28%
MRC StrasbourgAdrien Thomasson
26%
DParis Saint-GermainColin Dagba
26%
MRC StrasbourgDimitri Liénard
26%
DLOSCDomagoj Bradaric
26%
MStade RennaisEduardo Camavinga
26%
AStade RennaisFlavien Tait
26%
MMontpellier HSCFlorent Mollet
26%
ARC LensIgnatius Ganago
26%
DRC LensJonathan Gradit
26%
GOlympique LyonnaisJulian Pollersbeck
26%
DFC LorientJulien Laporte
26%
MMontpellier HSCJunior Sambia
26%
DOlympique LyonnaisMelvin Bard
26%
DParis Saint-GermainThilo Kehrer
26%
GAS MonacoVito Mannone
26%
MGirondins de BordeauxYacine Adli
26%
DGirondins de BordeauxYoussouf Sabaly
26%
DLOSCZeki Celik
26%
AOlympique de MarseilleArkadiusz Milik
23%
AAS Saint-EtienneArnaud Nordin
23%
DFC MetzBoubakar Kouyaté
23%
DStade Brestois 29Christophe Hérelle
23%
AOlympique de MarseilleDario Benedetto
23%
AMontpellier HSCElye Wahi
23%
MFC LorientFabien Lemoine
23%
DStade RennaisFaitout Maouassa
23%
MFC MetzFarid Boulaya
23%
AStade Brestois 29Gaëtan Charbonnier
23%
GGirondins de BordeauxGaëtan Poussin
23%
MStade Brestois 29Haris Belkebla
23%
DFC NantesJean-Charles Castelletto
23%
DStade Brestois 29Jean-Kévin Duverne
23%
MOGC NiceJeff Reine-Adélaïde
23%
DOlympique de MarseilleLeonardo Balerdi
23%
DOlympique LyonnaisMarcelo
23%
DStade RennaisNayef Aguerd
23%
MDijon FCOPape Cheikh Diop
23%
MFC NantesPedro Chirivella
23%
GStade de ReimsPredrag Rajkovic
23%
AGirondins de BordeauxRémi Oudin
23%
AStade RennaisRomain Del Castillo
23%
DOlympique LyonnaisSinaly Diomandé
23%
MAS MonacoSofiane Diop
23%
AStade Brestois 29Steve Mounié
23%
DFC LorientVincent Le Goff
23%
DAngers SCOVincent Manceau
23%
DRC StrasbourgAlexander Djiku
21%
DOlympique de MarseilleAlvaro Gonzalez
21%
DNîmes OlympiqueAnthony Briançon
21%
ARC LensArnaud Kalimuendo
21%
MOlympique LyonnaisBruno Guimaraes
21%
MRC LensCheick Doucouré
21%
DStade RennaisDamien Da Silva
21%
GGirondins de BordeauxDarren Lima Semedo
21%
GFC NantesDenis Petric
21%
GAS Saint-EtienneEtienne Green
21%
MOlympique LyonnaisFlorent Da Silva
21%
MRC LensGaël Kakuta
21%
MGirondins de BordeauxHatem Ben Arfa
21%
MRC StrasbourgJean-Ricner Bellegarde
21%
AStade Brestois 29Jérémy Le Douaron
21%
MMontpellier HSCJoris Chotard
21%
ARC StrasbourgLebo Mothiba
21%
DRC LensLoïc Badé
21%
MStade de ReimsMarshall Munetsi
21%
MAngers SCOMathias Pereira Lage
21%
DAS Saint-EtienneMiguel Trauco
21%
AGirondins de BordeauxSamuel Kalu
21%
MRC StrasbourgSanjin Prcic
21%
DRC StrasbourgStefan Mitrovic
21%
GStade de ReimsYehvann Diouf
21%
GOGC NiceYoan Cardinale
21%
AStade RennaisAdrien Hunou
19%
DParis Saint-GermainAlessandro Florenzi
19%
AOGC NiceAlexis Claude-Maurice
19%
MAS MonacoCesc Fabregas
19%
MStade RennaisClément Grenier
19%
DGirondins de BordeauxEdson Mexer
19%
GRC StrasbourgEiji Kawashima
19%
DStade RennaisGerzino Nyamsi
19%
AStade Brestois 29Irvin Cardona
19%
MRC StrasbourgJean-Eudes Aholou
19%
DLOSCJérémy Pied
19%
DStade Brestois 29Lilian Brassier
19%
AFC NantesMarcus Coco
19%
MStade Brestois 29Paul Lasne
19%
AAngers SCOStéphane Bahoken
19%
AMontpellier HSCStephy Mavididi
19%
DFC MetzThomas Delaine
19%
MFC LorientThomas Monconduit
19%
AOlympique LyonnaisTino Kadewere
19%
AGirondins de BordeauxUi-jo Hwang
19%
GRC LensWulkier Farinez
19%
MAngers SCOAntonin Bobichon
16%
GNîmes OlympiqueBaptiste Reynet
16%
DNîmes OlympiqueBirger Meling
16%
ARC LensCorentin Jean
16%
GAngers SCODanijel Petkovic
16%
AAS Saint-EtienneDenis Bouanga
16%
DFC MetzDylan Bronn
16%
DFC NantesFabio
16%
MOGC NiceHicham Boudaoui
16%
MStade Brestois 29Hugo Magnetti
16%
AStade RennaisJérémy Doku
16%
DFC LorientJérémy Morel
16%
DFC LorientJérôme Hergault
16%
DOGC NiceJordan Lotomba
16%
MFC MetzKévin N'Doram
16%
MNîmes OlympiqueLamine Fomba
16%
DNîmes OlympiqueLoïck Landre
16%
ALOSCLuiz Araujo
16%
GOlympique LyonnaisMalcolm Barcola
16%
DRC LensMassadio Haïdara
16%
DAngers SCOMateo Pavlovic
16%
DAS Saint-EtienneMathieu Debuchy
16%
GFC LorientMatthieu Dreyer
16%
MOGC NiceMorgan Schneiderlin
16%
AGirondins de BordeauxNicolas De Préville
16%
GLOSCOrestis Karnezis
16%
DAS Saint-EtiennePape Abdou Cissé
16%
MOGC NicePierre Lees-Melou
16%
DOlympique de MarseillePol Lirola
16%
DStade Brestois 29Romain Perraud
16%
DFC NantesSébastien Corchia
16%
GOlympique de MarseilleSimon Ngapandouetnbu
16%
AAS MonacoStevan Jovetic
16%
DStade de ReimsThomas Foket
16%
DOGC NiceYoucef Atal
16%
MAS Saint-EtienneAïmen Moueffek
14%
AFC LorientArmand Laurienté
14%
DMontpellier HSCArnaud Souquet
14%
MMontpellier HSCDamien Le Tallec
14%
DFC NantesDennis Appiah
14%
DStade Brestois 29Denys Bain
14%
MFC MetzHabib Maïga
14%
AOlympique LyonnaisIslam Slimani
14%
DRC LensIssiaga Sylla
14%
MStade Brestois 29Jean Lucas
14%
MAngers SCOJimmy Cabot
14%
DFC MetzJohn Boye
14%
MNîmes OlympiqueLucas Deaux
14%
MDijon FCOMama Baldé
14%
MStade de ReimsMathieu Cafaro
14%
AParis Saint-GermainMoïse Kean
14%
ANîmes OlympiqueNolan Roux
14%
MFC MetzOpa Nguette
14%
MGirondins de BordeauxOtavio
14%
DNîmes OlympiquePablo Martinez
14%
GStade RennaisPepe Bonet
14%
AFC LorientPierre-Yves Hamel
14%
AStade RennaisSerhou Guirassy
14%
DOGC NiceStanley Nsoki
14%
DRC LensSteven Fortes
14%
DStade de ReimsWout Faes
14%
DOlympique de MarseilleYuto Nagatomo
14%
MNîmes OlympiqueZinédine Ferhat
14%
MAS Saint-EtienneAdil Aouchiche
12%
AFC LorientAdrian Grbic
12%
DRC StrasbourgAnthony Caci
12%
GDijon FCOAnthony Racioppi
12%
MDijon FCOBersant Celina
12%
DOlympique de MarseilleChristopher Rocchia
12%
AOGC NiceDan Ndoye
12%
AGirondins de BordeauxDilane Bakwa
12%
DAS MonacoFodé Ballo-Touré
12%
DDijon FCOFouad Chafik
12%
DRC StrasbourgFrédéric Guilbert
12%
MDijon FCOFrédéric Sammaritano
12%
DStade de ReimsGhislain Konan
12%
ALOSCIsaac Lihadji
12%
DRC LensIsmaël Boura
12%
MStade RennaisJames Léa-Siliki
12%
MDijon FCOJordan Marié
12%
DStade Brestois 29Julien Faussurier
12%
MAS Saint-EtienneKévin Monnet-Paquet
12%
MAS MonacoKrépin Diatta
12%
DRC StrasbourgLionel Carole
12%
DGirondins de BordeauxLoris Benito
12%
MAS Saint-EtienneLucas Gourna-Douath
12%
GFC MetzMarc-Aurèle Caillard
12%
GMontpellier HSCMatis Carvalho
12%
DFC MetzMatthieu Udol
12%
MOlympique de MarseilleMichaël Cuisance
12%
DMontpellier HSCMihailo Ristic
12%
AStade de ReimsNathanaël Mbuku
12%
DMontpellier HSCNicolas Cozza
12%
DGirondins de BordeauxPaul Baysse
12%
AMontpellier HSCPetar Skuletic
12%
AAngers SCORachid Alioui
12%
GAS MonacoRadoslaw Majecki
12%
MParis Saint-GermainRafinha
12%
DOGC NiceRobson Bambu
12%
MStade Brestois 29Romain Philippoteaux
12%
DStade Brestois 29Ronaël Pierre-Gabriel
12%
MOlympique de MarseilleSaïf-Eddine Khaoui
12%
GDijon FCOSaturnin Allagbé
12%
ARC LensSimon Banza
12%
GAS Saint-EtienneStefan Bajic
12%
MRC LensTony Mauricio
12%
MFC MetzVincent Pajot
12%
AAS MonacoWillem Geubbels
12%
MRC LensYannick Cahuzac
12%
AFC LorientYoane Wissa
12%
MAS Saint-EtienneZaydou Youssouf
12%
MDijon FCOAlex Dobre
9%
MOGC NiceAlexis Trouillet
9%
DFC LorientAndreaw Gravillon
9%
DOGC NiceAndy Pelmard
9%
MStade de ReimsArber Zeneli
9%
DDijon FCOArthur Zagré
9%
DDijon FCOBruno Ecuele Manga
9%
DAS MonacoChrislain Matsima
9%
ANîmes OlympiqueClément Deprès
9%
DRC LensClément Michelin
9%
GStade de ReimsDialy Kobaly Ndiaye
9%
AAngers SCOFarid El Melali
9%
DOGC NiceFlavius Daniliuc
9%
DNîmes OlympiqueGaëtan Paquiez
9%
DAS Saint-EtienneHarold Moukoudi
9%
MStade Brestois 29Hianga'a Mbock
9%
MFC NantesImran Louza
9%
AFC NantesJean-Kévin Augustin
9%
ARC StrasbourgMajeed Waris
9%
DMontpellier HSCMathias Suarez
9%
DOlympique LyonnaisMattia De Sciglio
9%
DGirondins de BordeauxMaxime Poundjé
9%
DParis Saint-GermainMitchel Bakker
9%
DRC StrasbourgMohamed Simakan
9%
ADijon FCOMoussa Konaté
9%
MOlympique de MarseilleOlivier Ntcham
9%
AAS MonacoPietro Pellegri
9%
MAS Saint-EtienneRyad Boudebouz
9%
DNîmes OlympiqueSofiane Alakouch
9%
MStade RennaisSteven Nzonzi
9%
MGirondins de BordeauxTom Lacoux
9%
AFC MetzVagner Dias
9%
MStade de ReimsValon Berisha
9%
MFC MetzVictorien Angban
9%
DDijon FCOWesley Lautoa
9%
MDijon FCOYassine Benzia
9%
MNîmes OlympiqueAndrés Cubas
7%
MStade Brestois 29Bandiougou Fadiga
7%
AFC NantesBridge Ndilu
7%
GFC NantesCharly Jan
7%
MStade de ReimsDereck Kutesa
7%
MDijon FCODidier Ndong
7%
GMontpellier HSCDimitry Berthaud
7%
DOlympique LyonnaisDjamel Benlamri
7%
DGirondins de BordeauxEnock Kwateng
7%
DAngers SCOEnzo Ebosse
7%
MStade Brestois 29Ferris N'Goma
7%
DNîmes OlympiqueFlorian Miguel
7%
MAngers SCOIbrahim Amadou
7%
MGirondins de BordeauxJean Michaël Seri
7%
MMontpellier HSCKeagan Dolly
7%
ARC StrasbourgKévin Zohi
7%
DStade Brestois 29Ludovic Baal
7%
DFC MetzManuel Cabit
7%
AAS Saint-EtienneMaxence Rivera
7%
MRC StrasbourgMehdi Chahiri
7%
MGirondins de BordeauxMehdi Zerkane
7%
MStade de ReimsMoreto Cassama
7%
GStade Brestois 29Mouez Hassen
7%
ADijon FCOMounir Chouiar
7%
MNîmes OlympiqueNiclas Eliasson
7%
AFC MetzPapa Ndiaga Yade
7%
DNîmes OlympiquePatrick Burner
7%
AFC NantesRenaud Edmond
7%
GStade Brestois 29Sébastien Cibois
7%
DStade de ReimsThibault De Smet
7%
AFC MetzThierry Ambrose
7%
DFC LorientThomas Fontaine
7%
MStade de ReimsXavier Chavalerin
7%
AStade RennaisYann Gboho
7%
MNîmes OlympiqueYassine Benrahou
7%
MAS MonacoYoussef Aït-Bennasser
7%
MAS Saint-EtienneYvan Neyou
7%
DAS Saint-EtienneYvann Maçon
7%
AFC MetzAaron Leya Iseka
5%
AFC NantesAnthony Limbombe
5%
MNîmes OlympiqueAntoine Valério
5%
DStade RennaisBrandon Soppy
5%
DMontpellier HSCClément Vidal
5%
MStade Brestois 29Cristian Battocchio
5%
DStade RennaisDalbert
5%
DStade de ReimsDario Maresic
5%
DFC MetzErnest Boahene
5%
MAS MonacoFlorentino Luis
5%
MNîmes OlympiqueHaris Duljevic
5%
AMontpellier HSCIl-lok Yun
5%
DDijon FCOJonathan Panzo
5%
AStade de ReimsKaj Sierhuis
5%
DNîmes OlympiqueKelyan Guessoum
5%
DFC MetzLenny Lacroix
5%
GDijon FCOLevi Ntumba
5%
ANîmes OlympiqueLucas Buades
5%
DAS Saint-EtiennePanagiotis Retsos
5%
ADijon FCORoger Assalé
5%
DDijon FCOSacha Boey
5%
DAS Saint-EtienneSaïdou Sow
5%
MFC LorientSylvain Marveaux
5%
GOGC NiceTeddy Boulhendi
5%
DFC NantesThomas Basila
5%
GFC LorientThomas Callens
5%
MFC MetzYoussef Maziz
5%
MRC LensAdam Oudjani
2%
DDijon FCOAnibal Chala
2%
AAS Saint-EtienneAnthony Modeste
2%
MAS Saint-EtienneBilal Benkhedim
2%
MLOSCEugenio Pizzuto
2%
MFC LorientFranklin Wajda
2%
MDijon FCOJunior Dina Ebimbe
2%
ANîmes OlympiqueKarim Aribi
2%
DAngers SCOKévin Boma
2%
DGirondins de BordeauxLoïc Bessilé
2%
MNîmes OlympiqueMatteo Ahlinvi
2%
DFC LorientMatthieu Saunier
2%
AOGC NiceMyziane Maolida
2%
DNîmes OlympiqueNaomichi Ueda
2%
DDijon FCONgonda Muzinga
2%
MMontpellier HSCSamy Benchamma
2%
DMontpellier HSCThibault Tamas
2%
DFC LorientTiago Ilori
2%

Distribution des résultats

Percentile par nombre de réponses

% des personnes avec chaque résultat

Votre développement - résultats

Vous n’avez pas pris ce quiz depuis la dernière actualisation